000 00470cam a2200205 4500
001 B957
008 090401t xxu||||| |||| 00| 0 eng d
035 _a(Sirsi) u38822
041 _aeng
050 _a630
110 _aFleury Manico
_9620
245 _aTourism & agriculture : a study
260 _aExeter
_bFleury Manico
_c(1987)
300 _a7p. : ill. ; 30cm.
350 _a0
650 _aFARMING
650 _aSOUTH WEST
942 _n0
948 _c04/03/1997
999 _c90715
_d90715